banner koha

Growth promotion of pecan rootstock seedlings with Trichoderma spp. (Registro n. 338156)

MARC details
000 -LÍDER
fixed length control field 04451nab a2200373 4500
003 - CÓDIGO MARC DA AGÊNCIA CATALOGADORA
Campo de controle BR-BrBNA
005 - DATA E HORA DA ÚLTIMA ATUALIZAÇÃO
Campo de controle 20250913152850.0
008 - CAMPO DE TAMANHO FIXO
fixed length control field 250913b2024 bl.ar|pooa||| 00| 0 eng |
040 ## - FONTE DA CATALOGAÇÃO
Agência catalogadora BR-BrBNA
Idioma da catalogação por
072 ## - CATEGORIA AGRIS
Código AGRIS F02 ; P34 ; F03
Código do objeto 1240 ; 3490 ; 3540 ; 3650
100 ## - ENTRADA PRINCIPAL - NOME PESSOAL
Nome pessoal Viera, Carla Thais Rodrigues
100 ## - ENTRADA PRINCIPAL - NOME PESSOAL
Nome pessoal Boeira, Yasmin dos Santos
100 ## - ENTRADA PRINCIPAL - NOME PESSOAL
Nome pessoal Nachtigal, Glaucia de Figueiredo
100 ## - ENTRADA PRINCIPAL - NOME PESSOAL
Nome pessoal Martins, Carlos Roberto
100 ## - ENTRADA PRINCIPAL - NOME PESSOAL
Nome pessoal Valgas, Ricardo Alexandre
245 ## - TÍTULO PRINCIPAL
Título principal Growth promotion of pecan rootstock seedlings with Trichoderma spp.
500 ## - NOTA GERAL
Nota geral Summaries (En, Pt); 24 ref.; 4 illus.; 3 tables
942 ## - ADDED ENTRY ELEMENTS (KOHA)
Koha item type Analítica
520 ## - NOTA DE RESUMO
Nota de conteúdo Abstract – The objective of this work was to select Trichoderma spp. strains with potential to promote the growth of rootstock seedlings of the pecan Barton cultivar by improving their morphological parameters and quality index, as well as to biochemically characterize these strains in vitro. In vitro bioassays were carried out with 59 Trichoderma spp. strains to evaluate their effects on the germination percentage and root growth of a bioindicator plant. The pre-selected strains were inoculated onto pecan seeds with a spore suspension at a concentration of 1x109 conidia per milliliter. The experimental design was completely randomized, with five replicates. The analyzed variables were plant height, stem diameter, number of leaves, shoot dry mass, root dry mass, total dry mass, and the Dickson quality index. For each strain, qualitative evaluations of calcium phosphate solubilization and of the production of siderophores, hydrocyanic acid, and indole-3-acetic acid were carried out in vitro. The production of hydrocyanic acid and indole-3-acetic acid was not observed. Strains CPACT275, CPACT809, CPACT838, CPACT852, and CPACT859 significantly enhanced the biomass and quality index of ‘Barton’ pecan rootstock seedlings. The growth promoted by Trichoderma spp. may be related to calcium phosphate solubilization by all strains and siderophore production by CPACT838 and CPACT852. Index terms: Carya illinoinensis, biostimulant, siderophores, solubilization of phosphate.
520 ## - NOTA DE RESUMO
Nota de conteúdo Resumo – O objetivo deste trabalho foi selecionar linhagens de Trichoderma spp. com potencial de promover o crescimento de mudas de porta-enxerto da cultivar de nogueira-pecã Barton ao melhorar seus parâmetros morfológicos e índice de qualidade, bem como caracterizar bioquimicamente essas<br/>linhagens in vitro. Foram realizados bioensaios in vitro com 59 linhagens de Trichoderma spp., para avaliar seus efeitos sobre o percentual de germinação e o crescimento radicular de planta bioindicadora. As linhagens pré-selecionadas foram inoculadas às sementes de nogueira-pecã com suspensão de esporos a 1x109 conídios por mililitro. O delineamento experimental foi inteiramente<br/>casualizado, com cinco repetições. As variáveis analisadas foram altura de planta, diâmetro do caule, número de folhas, massa seca de parte aérea, massa seca de raízes, massa seca total e índice de qualidade de Dickson. Para cada linhagem, foram realizadas avaliações qualitativas da solubilização de fosfato de cálcio e da produção de sideróforos, ácido cianídrico e ácido indol-3-acético in vitro. Não foi observada produção dos ácidos cianídrico e indol-3-acético. As linhagens CPACT275, CPACT809, CPACT838, CPACT852 e CPACT859 promoveram aumento significativo na biomassa e no índice de qualidade das mudas de porta-enxertos de nogueira-pecã ‘Barton’. A promoção do crescimento por Trichoderma spp. pode estar relacionada à solubilização de fosfato de cálcio por todas as linhagens e à produção de sideróforos por CPACT838 e CPACT852. Termos para indexação: Carya illinoinensis, bioestimulante, sideróforos, solubilização de fosfato.
650 ## - ASSUNTO - THESAGRO
Cabeçalho tópico ou nome geográfico NOGUEIRA
650 ## - ASSUNTO - THESAGRO
Cabeçalho tópico ou nome geográfico NOZ
650 ## - ASSUNTO - THESAGRO
Cabeçalho tópico ou nome geográfico PORTA ENXERTO
650 ## - ASSUNTO - THESAGRO
Cabeçalho tópico ou nome geográfico SEMENTE
650 ## - ASSUNTO - THESAGRO
Cabeçalho tópico ou nome geográfico TRICHODERMA SPP
650 ## - ASSUNTO - THESAGRO
Cabeçalho tópico ou nome geográfico FUNGO
650 ## - ASSUNTO - THESAGRO
Cabeçalho tópico ou nome geográfico INOCULAÇÃO
650 ## - ASSUNTO - THESAGRO
Cabeçalho tópico ou nome geográfico ESTIMULANTE DE CRESCIMENTO VEGETAL
650 ## - ASSUNTO - THESAGRO
Cabeçalho tópico ou nome geográfico MUDA
650 ## - ASSUNTO - THESAGRO
Cabeçalho tópico ou nome geográfico GERMINAÇÃO
773 0# - ENTRADA ANALÍTICA
Host Biblionumber 920
Registro do item 357578
Imprenta Brasília-DF Empresa Brasileira de Pesquisa Agropecuária - EMBRAPA 1966-
Outro identificador 2025-5543
Título Pesquisa Agropecuária Brasileira (Brazil)
ISSN 0100-204X
Colação v. 59 p. 1-10; (2024)
Número de controle de registro BR2025002420
856 ## - ACESSO E ENDEREÇO ELETRÔNICO
Identificador uniforme de recurso - URI https://www.scielo.br/j/pab/a/rdnYyYNXTzmbB6NF7WHh7JH/?format=pdf&lang=en

Nenhum exemplar disponível.

BINAGRI

Telefone: (61)3218-2567/2388/3357/2097 - binagri@agro.gov.br

Ministério da Agricultura e Pecuária , Esplanada dos Ministérios, Bloco D, Anexo B, Brasília/DF, CEP: 70.043-900